000 00412nam a2200181Ia 4500
005 20240823034922.0
008 240823s9999||||xx |||||||||||||| ||und||
041 _aENGLISH
082 _A621.384 N1
100 _aSharma S P
245 0 _aBasic Radio and television
250 _a1st
260 _c1991
_b"TMH,New Delhi"
500 _aYES
650 _aRadio
_bElectronics
942 _cBK
999 _c199443
_d199443